000 00650nam a2200229 a 4500
005 20210219153153.0
008 991125n 000 0 u
035 _aUPN01000081669
100 _aFien, John
222 _aJOURNAL OF CURRICULUM STUDIES
245 _aIdeology, political education and teacher education : matching paradigms and models
300 _a239-256
362 _a23, No. 3, 1991
505 _aAbril 1992
653 0 _aACTIVISMO
653 0 _aEDUCACION CIVICA
653 0 _aFORMACION DE MAESTROS
653 0 _aMODELOS DE ENSE\197ANZA
653 0 _aOBJETIVOS EDUCATIVOS
904 _aAC
_b019480
905 _aArticulo
999 _c70083
_d70083